Popular Education Is Development : Notes from a Conference /

-д хадгалсан:
Номзүйн дэлгэрэнгүй
Үндсэн зохиолч: Sundberg, Gunar (autor)
Формат: Ном
Хэл сонгох:англи
Хэвлэсэн: Estocolmo, Suecia : Författares Bokmaskin, 1987
Цуврал:(Ministudier ; 8)
Нөхцлүүд:
Шошгууд: Шошго нэмэх
Шошго байхгүй, Энэхүү баримтыг шошголох эхний хүн болох!

MARC

LEADER 00000nam^a2200000^a^4500
001 000395560
005 20250521000000.0
009 20260526143340.584
037 |a Acervo ITESO - Biblioteca 
041 |a ING 
082 |a 361. 8  |b SUN 
100 |a Sundberg, Gunar  |e (autor) 
245 1 0 |a Popular Education Is Development :  |b Notes from a Conference /  |c G. Sundberg. 
264 1 |a Estocolmo, Suecia :  |b Författares Bokmaskin,  |c 1987 
300 |a 48 p. 
336 |a texto  |b txt  |2 rdacontenido 
337 |a sin mediación  |b n  |2 rdamedio 
338 |a volumen  |b nc  |2 rdasoporte 
440 1 |a (Ministudier ;  |v 8) 
649 |a XX 
650 |a Cambios Sociales y Culturales 
650 |a Desarrollo Comunitario 
650 |a Desarrollo Económico-Social 
650 |a Solidaridad 
650 |a Tecnología 
650 |a Educación y Promoción Popular -  |z Latinoamérica 
650 |a Educación y Promoción Popular -  |z Suecia 
650 |a Educación y Promoción Popular -  |x Tema Principal 
650 |a Latinoamérica -  |x Condiciones Sociales y Culturales 
650 |a Suecia -  |x Condiciones Sociales y Culturales 
910 |a Fondo Carlos Núñez Hurtado 
920 |a Impresos - Libros 
930 |a Fondos Especiales 
905 |a 117 
901 |a 0500290792  |b IT2  |c ESP  |i D81834  |u 20250521 
902 |a https://opac.biblio.iteso.mx/vufind/Record/000395560